000 00572nam a2200205Ia 4500
005 20250923145119.0
008 008 250917s9999 xx 000 0 eng d
037 _aTextual
040 _aDSWL
_beng
_cDSWL
041 _aeng
_2eng
084 _aX!(Y434), N66
_qDSWL
100 _aBalogh, Thomas
_9831914
245 0 _aEconomics of poverty
_cby Thomas Balogh
260 _aNew York
_b Macmillan company
_c1966
300 _a108 p.
365 _aUSD
_b7.95
925 _g7.95
942 _cTEXL
_hX!(Y434), N66
999 _c1447289
_d1447289